| 000 | 00362nam a2200133 a 4500 | ||
|---|---|---|---|
| 005 | 20140412111423.0 | ||
| 008 | 080124s19uu xx 00 eng d | ||
| 020 | _a1-56144-361-1 | ||
| 050 |
_aER _bPi65 1994 |
||
| 245 |
_aPinocchio / _cIllustrated by Ethel Gold. |
||
| 260 |
_aItaly : _bModern pub, _c1994. |
||
| 440 | _aTreasury of fairy tales | ||
| 999 |
_c106125 _d106125 |
||